| 000 | 00597nam a2200205 a 4500 | ||
|---|---|---|---|
| 003 | PILC | ||
| 005 | 20150112093428.0 | ||
| 008 | 101028s19uu xx 00 eng d | ||
| 020 | _a9780201709278 | ||
| 050 |
_aQA 76.73.C153 _b.Sa267 2002 |
||
| 082 |
_aCSF 005.13 _bSa9 2002 |
||
| 100 |
_aSavitch, Walter _97059 |
||
| 245 |
_aAbsolute C++ / _cWalter Savitch. |
||
| 250 | _a1st ed. | ||
| 260 |
_aBoston : _bPearson Education, _c2002. |
||
| 300 |
_a891 pages : _bcolored illustration ; _c24 cm. |
||
| 500 | _aIncludes index. | ||
| 650 |
_aC++ (Computer program language) _95506 |
||
| 942 |
_2lcc _cBK |
||
| 999 |
_c14270 _d14270 |
||